000 00568nam a2200181Ia 4500
003 GCL
008 140319s9999 xx 000 0 ara d
040 _aGCL /
_cGCL
082 0 4 _aم
_b413.8
_bص ق
100 1 _aصموئيل كامل عبد السيد
245 1 0 _aقاموس عربى يونانى /
_cصموئيل كامل عبد السيد
260 _a[S.N] :
_bمكتبة لبنان ،
_c1990
300 _a460
650 0 4 _aاللغة اليونانية معاجم
650 0 4 _aاللغة العربية
650 0 4 _aالمعاجم
942 _2ddc
_cREF
999 _c59554
_d59554